| 000 | 00589nam a2200217 a 4500 | ||
|---|---|---|---|
| 001 | 19649 | ||
| 003 | CO-ViMGA | ||
| 008 | 141112s2004 ck r 000 u spa d | ||
| 020 | _a8495114119 | ||
| 040 |
_aCO-ViMGA _bspa _cCO-ViMGA |
||
| 082 | 0 | 4 | _a796.41 D434a |
| 100 | 1 |
_aDieguez Papi, Julio _928425 |
|
| 245 | 1 | 0 | _aAerobic |
| 260 |
_aBarcelona : _bINDE, _c2000 |
||
| 300 | _a2000 | ||
| 490 | _aBiblioteca Temática del Deporte | ||
| 590 | _aForma de adquisición : premio Mincultura | ||
| 650 | 1 | 4 |
_aEJERCICIOS AEROBICOS _928426 |
| 650 | 1 | 4 |
_aGIMNASIA RITMICA _928427 |
| 942 |
_2ddc _cBK |
||
| 999 |
_c28785 _d28785 |
||